Diagnostika metalličeskich poroškov
Enregistré dans:
| Format: | Livre |
|---|---|
| Langue: | russe |
| Publié: |
Moskva :
Nauka,
1983
|
| Sujets: | |
| Tags: |
Pas de tags, Soyez le premier à ajouter un tag!
|
MARC
| LEADER | 00000nam a22000003a 4500 | ||
|---|---|---|---|
| 001 | stu35519 | ||
| 005 | 20141122055110.3 | ||
| 008 | 920427s1983----xxr-----------------rus-d | ||
| 040 | |a STU |b slo | ||
| 041 | 0 | |a rus | |
| 044 | |a xxr | ||
| 080 | |a 621.762 | ||
| 245 | |a Diagnostika metalličeskich poroškov | ||
| 260 | |a Moskva : |b Nauka, |c 1983 | ||
| 300 | |a 277 s | ||
| 650 | 7 | |a metalurgia prášková |2 stusub | |
| 650 | 7 | |a diagnostika |2 stusub | |
| 996 | |b 284M062358 |c M*6933-2 |l MMKN |s A |a 24 |w stu35519_0002 | ||
| 996 | |b 284M053442 |c M*6933-3 |l MMKN |s A |a 24 |w stu35519_0003 | ||